Guru Nanak Contemporary concerns and Response (Record no. 392789)

MARC details
000 -LEADER
fixed length control field 00631nam a2200205Ia 4500
003 - CONTROL NUMBER IDENTIFIER
control field OSt
005 - DATE AND TIME OF LATEST TRANSACTION
control field 20251205125138.0
008 - FIXED-LENGTH DATA ELEMENTS--GENERAL INFORMATION
fixed length control field 220923b |||||||| |||| 00| 0 pan d
037 ## - SOURCE OF ACQUISITION
Terms of availability TB
040 ## - CATALOGING SOURCE
Original cataloging agency ARTS
Transcribing agency ARTS
Language of cataloging pan
041 ## - LANGUAGE CODE
Source of code pan
Language code of text/sound track or separate title pan
084 ## - COLON CLASSIFICATION NUMBER
Classification number Q8441xI69 Q9
Assigning agency AL
100 ## - MAIN ENTRY--PERSONAL NAME
Personal name Singh, Dharam
9 (RLIN) 172730
245 #0 - TITLE STATEMENT
Title Guru Nanak Contemporary concerns and Response
260 ## - PUBLICATION, DISTRIBUTION, ETC.
Place of publication, distribution, etc. Amritsar, India:
Name of publisher, distributor, etc. Singh Brothers India;
Date of publication, distribution, etc. 2019.
300 ## - PHYSICAL DESCRIPTION
Extent 256p.
Dimensions cm.
650 ## - SUBJECT ADDED ENTRY--TOPICAL TERM
Topical term or geographic name entry element SIKHISM
9 (RLIN) 25885
942 ## - ADDED ENTRY ELEMENTS (KOHA)
Classification part Q8441xI69 153Q9
Koha item type Textbook
Source of classification or shelving scheme Colon Classification (CC)
Suppress in OPAC No
Holdings
Withdrawn status Lost status Source of classification or shelving scheme Damaged status Not for loan Home library Current library Date acquired Source of acquisition Total Checkouts Full call number Barcode Date last seen Price effective from Koha item type
    Colon Classification (CC)     Arts Library Arts Library 2022-09-24 1198, 02/03/2020, H.K. Prakashan   Q8441xI69 153Q9 AL1665085 2022-09-24 2022-09-24 Textbook
Copyright @ Delhi University Library System